00706nam a2200241 a 4500001001300000003000900013005001700022008004100039020001200080082001500092100003000107245004000137260003800177300000900215500003500224505001000259650002200269700003000291902000800321942000700329952011500336999001300451nice12345678IN_TiNIC20260116011333.0050524s1954 lona grp 000 0 eng  ac579.600a269.2bLAT aLatourette Scott, Kenneth aChristian World Mission in Our Day. aLondonbEyre & Spottiswoodec1954 a190p aincludes index and biblioraphy2 aIndex aEvangelistic Work1 aLatourette Scott, Kenneth bSRS cBK 001040708StackRoom-aHMIbHMId2011-03-30g579.60l0o269.2 LATp02811r2011-03-30v579.60w2005-05-24yBK c623d623